Statistics for Gangnam Style No.1 Countries

Click here to take the quiz!

General Stats

  • This quiz has been taken 140 times
    (106 since last reset)
  • The average score is 15 of 27

Answer Stats

Country % Correct
USA (Rap Songs (Billboard))
91%
UK
86%
South Korea
85%
France
78%
Germany
74%
Canada
72%
Spain
72%
Australia
68%
Mexico
67%
Italy
66%
Portugal
59%
Poland
58%
Norway
55%
Denmark
55%
New Zealand
55%
Finland
53%
Switzerland
52%
Belgium
50%
Greece
50%
Austria
50%
Netherlands
49%
Czech Republic
36%
Luxembourg
33%
Israel
29%
Bulgaria
26%
Honduras
8%
Lebanon
7%

Score Distribution

Percentile by Number Answered

Percent of People with Each Score

Your Score History

You have not taken this quiz since the last reset